000 00645nam a2200277Ia 4500
005 20260324141306.0
008 008 260324s9999 xx 000 0 eng d
020 _a9781315140100
037 _aEBOOK
040 _aCRL
040 _beng
040 _cCRL
041 _2eng
041 _aeng
084 _qCRL
100 _a Mittal
_91207647
245 0 _aComputerized Control Systems in the Food Industry
260 _bTaylor and Francis
260 _c1997
365 _a
365 _b640
856 _uhttp://www.taylorfrancis.com/books/9781315140100
942 _cEBOOK
999 _c1810579
_d1810579